000 00542nam a2200205Ia 4500
005 20250508163330.0
008 008 250505s9999 xx 000 0 eng d
020 _a0-245-50843-0
037 _aTextual
040 _aFEDL
_beng
_cFEDL
041 _aeng
_2eng
084 _a420.7, KEL
_qFEDL
100 _aKelly R A
_9775144
245 0 _aUse of English for technical students
250 _a2
260 _aLondon, UK
_bHarrap Limited
_c1981
300 _a189p
942 _cTEXL
_h420.7, KEL
999 _c1382375
_d1382375